000 00578nam a2200193 i 4500
001 80867
003 ES-MaACL
005 20230906174322.0
007 t|
008 041102s1920 fr ||||1| fre d
100 1 _aHoussay, Frédéric.
_964353
245 1 0 _aForce et cause /
_cFrédéric Houssay.
260 _aParis :
_bErnest Flammarion,
_c1920 (
_fHemmerlé)
300 _a250 p. ;
_c19 cm.
490 1 _aBibliothèque de philosophie scientifique
830 0 _aBibliothèque de philosophie scientifique
_9181135
852 _aES-MaACL
_jF-6414
999 _c80867
_d80867